00670nam a22002537a 4500001000700000003000900007005001700016007000700033008002700040020001500067040002200082082002900104245007000133260003600203300003000239500000600269500000600275500000600281504000800287650003800295650002300333650002800356700003200384000513DO-SdBNP20240705092602.0000513160902b2005 cl 00| 0 spa d a0789912902 aBPMSUbspacBPMSU 4a306.85 bS446f 200522200aSecretos para la familia / bGuillermo D. Taylor...[y otros] c  aColombia : bExpolit,c2005b  a272 p. : bil. ; c24 cm. a  a  a  a  4aEducación para la vida familiar 4aConducta (Ética) 4aEducación en el hogar1 aRaylor, Guillermo D.eautor